00565nam a22001097a 4500040000800000082002700008100004200035245024200077260002600319300002300345856008700368 cRUA aAGR CHU 2017 B646 Or.1 aCHUOB PHEARAK ជួប ភារះ  acomparison of different mulching on growth and yield chinese kale ការប្រៀបធៀបគម្របផ្សេងៗលើកាលូតលាស់និងទិន្នផលដំណាំខាត់ណាដើម aRUAbphnom penhc2017 axi;36pbill;c29cm uhttps://drive.google.com/file/d/1GuZ2fqOXSR5ziWwKHpnJz2rAgdBT6ZSK/view?usp=sharing